000 00616nam a2200229Ia 4500
003 OSt
005 20221007075153.0
006 a|||||r|||| 00| 0
007 ta
008 221006b |||||||| |||| 00| 0 eng d
024 _a7,355
037 _cTextual
040 _aFLL
_cFLL
_beng
041 _2eng
_aeng
082 _aX:515n2.N84, M4
100 _aSachdeva S.K. Au.
_9693588
245 0 _aYear book 1984
260 _aNew Delhi
_bCompetition review pvt. ltd. India
_c1984
300 _a908p
_ccm.
942 _hX:515n2.N84, M4
_cTEXL
_2CC
999 _c1155064
_d1155064